Prémiere anthologie vivante de la poésie du passe (De Joachim du Bellay a L'Abbé Claude Cherrier)
Salvato in:
| Autore principale: | |
|---|---|
| Natura: | Libro |
| Lingua: | Undetermined |
| Pubblicazione: |
París, Francia
Pierre Seghers
1951
|
| Soggetti: | |
| Tags: |
Aggiungi Tag
Nessun Tag, puoi essere il primo ad aggiungerne!!
|
MARC
| LEADER | 00000nam a2200000Ia 4500 | ||
|---|---|---|---|
| 008 | 170316s9999 xx 000 0 und d | ||
| 040 | |a cru BVZT | ||
| 090 | |a A-840 E-1p | ||
| 100 | |a Eluard, Paul | ||
| 245 | |a Prémiere anthologie vivante de la poésie du passe (De Joachim du Bellay a L'Abbé Claude Cherrier) | ||
| 260 | |a París, Francia | ||
| 260 | |b Pierre Seghers | ||
| 260 | |c 1951 | ||
| 300 | |a 318 páginas Tomo 2 | ||
| 650 | |a LITERATURA FRANCESA | ||
| 650 | |a ANTOLOGÍA | ||
| 999 | |c 12409 |d 12409 | ||
| 942 | |c 15 D |h A-840 E-1p |2 z | ||
